[Event "IND-chB (Women) 35th"]
[Site "Calicut"]
[Date "2008.06.12"]
[Round "9"]
[White "Bavana, V."]
[Black "Amrutha, Mokal"]
[Result "0-1"]
[WhiteElo "1935"]
[BlackElo "2163"]
[PlyCount "62"]
[EventDate "2008.06.06"]
[EventType "swiss"]
[EventRounds "11"]
[EventCountry "IND"]
[SourceTitle "CBM 124 Extra"]
[Source "ChessBase"]
[SourceDate "2008.07.03"]
[SourceVersion "1"]
[SourceVersionDate "2008.07.03"]
[SourceQuality "1"]

1. e4 c5 2. c4 Nc6 3. Nc3 g6 4. g3 Bg7 5. Bg2 d6 6. d3 e6 7. Nge2 Nge7 8. 0-0 0-0 9. f4 f5 10. Kh1 a6 11. a4 Rb8 12. Be3 Nd4 13. Rb1 Nec6 14. Bg1 Kh8 15. h3 e5 16. Nd5 Be6 17. Nec3 fxe4 18. dxe4 exf4 19. gxf4 Qh4 20. Qe1 Qh5 21. Kh2 g5 22. Bxd4 Nxd4 23. f5 Be5+ 24. Kg1 Bxd5 25. cxd5 g4 26. Qd1 Rg8 27. Rf2 Qh4 28. hxg4 Rxg4 29. Kf1 Rbg8 30. Ne2 Nxe2 31. Qxe2 Qh1+ 0-1